Statistics for Trees in the Answer

Click here to take the quiz!

General Stats

  • This quiz has been taken 31,508 times
    (20,932 since last reset)
  • The average score is 13 of 22

Answer Stats

Answer% Correct
{Maple} syrup
97%
Adam's {apple}
95%
Pretty please with a {cherry} on top
93%
Chewing {gum}
91%
In the {palm} of your hand
90%
{Hickory}, dickory, dock...
89%
{Ash}es to {ash}es, and dust to dust
81%
{Pine}apple upside-down cake
74%
{Balsam}ic vinegar
71%
Silver Star with {oak} leaf cluster
60%
{Laurel} and Hardy
57%
Princess {Peach} of the Mushroom Kingdom
56%
Nathaniel {Hawthorn}e, author of "The Scarlet Letter"
46%
Ohio State {Buckeye}s
38%
{Holly} Golightly
38%
{Birch}-bark canoe
36%
The {Spruce} Goose, world's largest airplane
35%
A {date} which will live in infamy
34%
Put a {cork} in it, mister
32%
Where the {rubber} meets the road
30%
{Orange} Blossom Special
30%
To think that I saw it on {Mulberry} Street
19%

Score Distribution

Percentile by Number Answered

Percent of People with Each Score

Your Score History

You have not taken this quiz since the last reset